[Event "Warsaw YMCA Spring-A 240th"]
[Site "Warsaw"]
[Date "2021.04.15"]
[Round "1"]
[White "Janeczko, Jakub"]
[Black "Potocki, Karol"]
[Result "1/2-1/2"]
[WhiteElo "1918"]
[BlackElo "1854"]
[PlyCount "44"]
[EventDate "2021.04.16"]
[EventType "swiss"]
[EventRounds "11"]
[EventCountry "POL"]
[SourceTitle "EXT 2022"]
[Source "ChessBase"]
[SourceDate "2021.10.06"]
[SourceVersion "1"]
[SourceVersionDate "2021.10.06"]
[SourceQuality "1"]

1. e4 c6 2. d4 d5 3. Nc3 dxe4 4. Nxe4 Nd7 5. Bc4 Ngf6 6. Ng5 e6 7. Qe2 Nb6 8. Bd3 h6 9. N5f3 Bd6 10. Ne5 0-0 11. Ngf3 Nbd7 12. 0-0 c5 13. Bf4 Qc7 14. Nxd7 Bxd7 15. Be5 cxd4 16. Bxd4 Nd5 17. Qe4 f5 18. Qe1 Nf4 19. Be5 Rac8 20. Rc1 Rfd8 21. Qe3 Bxe5 22. Nxe5 Nd5 1/2-1/2

[Event "Warsaw YMCA Winter-A 236th"]
[Site "Warsaw"]
[Date "2021.03.12"]
[Round "8"]
[White "Ossolinski, Ziemowit"]
[Black "Potocki, Karol"]
[Result "0-1"]
[WhiteElo "1887"]
[BlackElo "1882"]
[PlyCount "50"]
[EventDate "2021.01.22"]
[EventType "tourn"]
[EventRounds "11"]
[EventCountry "POL"]
[SourceTitle "EXT 2022"]
[Source "ChessBase"]
[SourceDate "2021.10.06"]
[SourceVersion "1"]
[SourceVersionDate "2021.10.06"]
[SourceQuality "1"]

1. Nf3 d5 2. d4 Nf6 3. Bf4 e6 4. e3 Be7 5. c4 0-0 6. Nc3 c6 7. h3 Nbd7 8. Bd3 dxc4 9. Bxc4 Nd5 10. Bg3 Qa5 11. Rc1 N7f6 12. Qd3 Nxc3 13. bxc3 b5 14. Bb3 c5 15. dxc5 Bxc5 16. 0-0 Bb7 17. Nd4 a6 18. Be5 Be4 19. Qd1 Be7 20. f3 Bb7 21. Qe1 Nd7 22. Nxe6 Nxe5 23. Nxf8 Nd3 24. Qg3 Nxc1 25. Ne6 Ne2+ 0-1

[Event "Warsaw YMCA Winter-A 236th"]
[Site "Warsaw"]
[Date "2021.02.05"]
[Round "3"]
[White "Polak, Michal"]
[Black "Potocki, Karol"]
[Result "1-0"]
[WhiteElo "1890"]
[BlackElo "1882"]
[PlyCount "135"]
[EventDate "2021.01.22"]
[EventType "tourn"]
[EventRounds "11"]
[EventCountry "POL"]
[SourceTitle "EXT 2022"]
[Source "ChessBase"]
[SourceDate "2021.10.06"]
[SourceVersion "1"]
[SourceVersionDate "2021.10.06"]
[SourceQuality "1"]

1. e4 d5 2. exd5 Nf6 3. Bb5+ Bd7 4. Bc4 g6 5. d4 Bg7 6. Nf3 Bg4 7. h3 Bc8 8. Ne5 0-0 9. Qf3 Nbd7 10. Bb3 a5 11. c4 Nxe5 12. dxe5 Nd7 13. Bf4 Nxe5 14. Bxe5 Bxe5 15. Nc3 Qd6 16. 0-0 Qb4 17. Rfe1 Bd6 18. Rac1 b6 19. Qd1 Bf4 20. a3 Qd6 21. Ne4 Qd8 22. Rb1 f5 23. Nc3 Bd7 24. d6 e6 25. c5 bxc5 26. dxc7 Bxc7 27. Bxe6+ Bxe6 28. Rxe6 Qxd1+ 29. Rxd1 Rfd8 30. Rxd8+ Bxd8 31. Na4 Rc8 32. Kf1 Kf7 33. Ra6 c4 34. Ra7+ Kg8 35. Ke2 Rb8 36. Kd2 Bb6 37. Nxb6 Rxb6 38. Kc2 Rb5 39. f3 Rc5 40. Kc3 f4 41. Re7 g5 42. Kd4 Rc8 43. Re5 h6 44. Rxa5 Rb8 45. Kc3 Rb3+ 46. Kc2 Re3 47. Rd5 Kf7 48. Rd4 Ke6 49. a4 Ke5 50. Rd8 Re2+ 51. Rd2 Re1 52. Kc3 Ra1 53. Kb4 Ra2 54. Kxc4 Rxa4+ 55. b4 Ra1 56. b5 Rc1+ 57. Kb4 Rb1+ 58. Kc5 Rc1+ 59. Kb6 h5 60. Ka7 Ra1+ 61. Kb7 g4 62. hxg4 hxg4 63. fxg4 Kf6 64. b6 Kg5 65. Kc8 Rc1+ 66. Kb8 Kxg4 67. Rb2 Kg3 68. b7 1-0

[Event "Warsaw YMCA Autumn-A 238th"]
[Site "Warsaw"]
[Date "2020.12.17"]
[Round "12"]
[White "Potocki, Karol"]
[Black "Derylo, Kamil"]
[Result "1/2-1/2"]
[WhiteElo "1857"]
[BlackElo "1998"]
[PlyCount "32"]
[EventDate "2020.09.24"]
[EventType "swiss"]
[EventRounds "12"]
[EventCountry "POL"]
[SourceTitle "EXT 2022"]
[Source "ChessBase"]
[SourceDate "2021.10.06"]
[SourceVersion "1"]
[SourceVersionDate "2021.10.06"]
[SourceQuality "1"]

1. Nf3 Nf6 2. c4 c5 3. Nc3 Nc6 4. d4 cxd4 5. Nxd4 g6 6. e4 Nxd4 7. Qxd4 d6 8. Be2 Bg7 9. 0-0 0-0 10. Qd3 a5 11. f3 a4 12. Be3 Qa5 13. Rac1 Bd7 14. Rfd1 Bc6 15. Nd5 Bxd5 16. cxd5 Rfc8 1/2-1/2

[Event "Warsaw YMCA Autumn-A 238th"]
[Site "Warsaw"]
[Date "2020.10.23"]
[Round "5"]
[White "Polak, Michal"]
[Black "Potocki, Karol"]
[Result "0-1"]
[WhiteElo "1883"]
[BlackElo "1857"]
[PlyCount "118"]
[EventDate "2020.09.24"]
[EventType "swiss"]
[EventRounds "12"]
[EventCountry "POL"]
[SourceTitle "EXT 2022"]
[Source "ChessBase"]
[SourceDate "2021.10.06"]
[SourceVersion "1"]
[SourceVersionDate "2021.10.06"]
[SourceQuality "1"]

1. e4 e5 2. Nf3 Nc6 3. Bb5 a6 4. Ba4 Nf6 5. 0-0 Be7 6. Re1 b5 7. Bb3 d6 8. c3 0-0 9. h3 Nb8 10. d4 Nbd7 11. Nbd2 Bb7 12. Bc2 c5 13. b3 Qc7 14. d5 c4 15. b4 a5 16. Ba3 axb4 17. Bxb4 Nc5 18. Bxc5 Qxc5 19. a4 bxa4 20. Bxa4 Ra7 21. Bc2 Rfa8 22. Rxa7 Rxa7 23. Qe2 Ra3 24. Rb1 Ba6 25. Rb8+ Bf8 26. Ra8 Qb6 27. Kh2 Qb7 28. Rd8 Bb5 29. Qd1 Qc7 30. Qb1 Qxd8 31. Qxb5 Ra5 32. Qxc4 Rc5 33. Qb4 Qc7 34. c4 g6 35. g4 Nd7 36. Ba4 Nf6 37. Bc6 Ra5 38. Qb2 Qa7 39. Kg2 Ra2 40. Qb3 Bh6 41. g5 Rxd2 42. Nxd2 Bxg5 43. Nf3 Nxe4 44. Qc2 f5 45. Nxg5 Nxg5 46. Qa4 Qd4 47. Qa8+ Kg7 48. Qd8 Qe4+ 49. Kf1 Qxc4+ 50. Kg2 Qe4+ 51. Kf1 Qd3+ 52. Kg1 Qd1+ 53. Kh2 Nf3+ 54. Kg2 e4 55. Qe7+ Kh6 56. Kg3 Qg1+ 57. Kf4 Qxf2 58. Qf8+ Kh5 59. Qxd6 Qh2+ 0-1

[Event "Warsaw YMCA Autumn-A 238th"]
[Site "Warsaw"]
[Date "2020.09.29"]
[Round "2"]
[White "Potocki, Karol"]
[Black "Moskwinski, Marek"]
[Result "1/2-1/2"]
[WhiteElo "1857"]
[BlackElo "1933"]
[PlyCount "23"]
[EventDate "2020.09.24"]
[EventType "swiss"]
[EventRounds "12"]
[EventCountry "POL"]
[SourceTitle "EXT 2022"]
[Source "ChessBase"]
[SourceDate "2021.10.06"]
[SourceVersion "1"]
[SourceVersionDate "2021.10.06"]
[SourceQuality "1"]

1. d4 Nf6 2. Nf3 e6 3. Bf4 d5 4. e3 Bd6 5. Bxd6 cxd6 6. c4 dxc4 7. Bxc4 d5 8. Bd3 0-0 9. Nc3 b6 10. 0-0 Ba6 11. Bxa6 Nxa6 12. Qa4 1/2-1/2

[Event "Warsaw YMCA Winter-B 225th"]
[Site "Warsaw"]
[Date "2020.02.20"]
[Round "8"]
[White "Poniewierski, Piotr"]
[Black "Potocki, Karol"]
[Result "1/2-1/2"]
[WhiteElo "1837"]
[BlackElo "1845"]
[PlyCount "114"]
[EventDate "2020.01.09"]
[EventType "tourn"]
[EventRounds "13"]
[EventCountry "POL"]
[SourceTitle "CBM 195 Extra"]
[Source "ChessBase"]
[SourceDate "2020.05.31"]
[SourceVersion "1"]
[SourceVersionDate "2020.05.31"]
[SourceQuality "1"]

1. Nf3 Nf6 2. c4 g6 3. g3 Bg7 4. Bg2 0-0 5. 0-0 d6 6. Nc3 Nbd7 7. d4 c6 8. h3 Qc7 9. e4 e5 10. Re1 Re8 11. Be3 exd4 12. Nxd4 Nc5 13. Qc2 a5 14. Rad1 Bd7 15. b3 Re7 16. a3 Rae8 17. Bf4 Nh5 18. Bg5 Ne6 19. Ndb5 cxb5 20. Nd5 Qd8 21. Nxe7+ Rxe7 22. Bxe7 Qxe7 23. Qd2 Bd4 24. Kh2 bxc4 25. bxc4 Be5 26. Qxa5 Qg5 27. Qd2 Qh4 28. Kg1 Nxg3 29. fxg3 Qxg3 30. Qf2 Qh2+ 31. Kf1 Nf4 32. Re3 Be6 33. Qg1 Nxg2 34. Qxg2 Bxc4+ 35. Kf2 Qf4+ 36. Qf3 Qh4+ 37. Kg2 h5 38. Qf2 Qg5+ 39. Kh1 b5 40. Rg1 Qe7 41. Rf3 d5 42. Qe3 d4 43. Qg5 Qxg5 44. Rxg5 Bd6 45. e5 Be7 46. Rg1 Bd5 47. Kg2 Bxa3 48. Kf2 Bxf3 49. Kxf3 b4 50. Rb1 Kf8 51. Ke4 Ke7 52. Kxd4 Ke6 53. Ke4 g5 54. Rg1 b3 55. Rxg5 Bc1 56. Rg8 b2 57. Rb8 f5+ 1/2-1/2

[Event "Warsaw YMCA Autumn-A 220th"]
[Site "Warsaw"]
[Date "2019.11.15"]
[Round "9"]
[White "Potocki, Karol"]
[Black "Moskwinski, Marek"]
[Result "1/2-1/2"]
[WhiteElo "1840"]
[BlackElo "1940"]
[PlyCount "61"]
[EventDate "2019.09.20"]
[EventType "tourn"]
[EventRounds "13"]
[EventCountry "POL"]
[SourceTitle "CBM 195 Extra"]
[Source "ChessBase"]
[SourceDate "2020.05.31"]
[SourceVersion "1"]
[SourceVersionDate "2020.05.31"]
[SourceQuality "1"]

1. e4 c5 2. c3 d5 3. exd5 Qxd5 4. Na3 Nf6 5. Nf3 Bg4 6. Bc4 Qe4+ 7. Be2 Bxf3 8. gxf3 Qe5 9. d4 Qc7 10. Nb5 Qd7 11. dxc5 a6 12. Qxd7+ Kxd7 13. Na3 e6 14. b4 Nd5 15. Bd2 Nc6 16. Nc2 Be7 17. c4 Nf6 18. Rg1 g6 19. Bc3 Rhd8 20. 0-0-0+ Ke8 21. Rxd8+ Rxd8 22. Rd1 Rxd1+ 23. Kxd1 Nd7 24. f4 g5 25. fxg5 Bxg5 26. Nd4 Bf6 27. Nxc6 Bxc3 28. Kc2 Be1 29. Kd1 Bc3 30. Kc2 Be1 31. Kd1 1/2-1/2

[Event "Warsaw YMCA Autumn-A 220th"]
[Site "Warsaw"]
[Date "2019.10.18"]
[Round "5"]
[White "Potocki, Karol"]
[Black "Derylo, Kamil"]
[Result "0-1"]
[WhiteElo "1840"]
[BlackElo "1999"]
[PlyCount "116"]
[EventDate "2019.09.20"]
[EventType "tourn"]
[EventRounds "13"]
[EventCountry "POL"]
[SourceTitle "CBM 195 Extra"]
[Source "ChessBase"]
[SourceDate "2020.05.31"]
[SourceVersion "1"]
[SourceVersionDate "2020.05.31"]
[SourceQuality "1"]

1. Nf3 Nf6 2. d4 e6 3. Bf4 c5 4. e3 d5 5. Be2 Nc6 6. 0-0 Bd6 7. c3 0-0 8. Ne5 Qc7 9. Nxc6 Bxf4 10. Ne7+ Qxe7 11. exf4 b6 12. Qa4 Bd7 13. Qa3 Qd6 14. g3 Ne4 15. f3 Nf6 16. Nd2 Rac8 17. Nb3 Qc6 18. dxc5 bxc5 19. Qxa7 Rc7 20. Qa6 Qxa6 21. Bxa6 Rb8 22. Be2 c4 23. Nd4 Rxb2 24. Rfb1 Rxb1+ 25. Rxb1 Ra7 26. Rb2 Ra3 27. Rc2 Kf8 28. Kf2 Ba4 29. Rc1 Rxa2 30. Ke3 Nd7 31. Rb1 Ke7 32. h4 f6 33. Rb7 g6 34. Ra7 Bb3 35. Rb7 Bc2 36. g4 Kd6 37. g5 e5 38. Nb5+ Kc6 39. Rc7+ Kxb5 40. Rxd7 Kc6 41. Rxh7 exf4+ 42. Kxf4 fxg5+ 43. Ke3 gxh4 44. Rxh4 Bf5 45. Bd1 Kc5 46. f4 Rg2 47. Be2 Rg3+ 48. Kd2 d4 49. cxd4+ Kxd4 50. Rh1 c3+ 51. Kc1 Rg2 52. Re1 Kc5 53. Bh5 Kb4 54. Be2 Ka3 55. Bc4 Rc2+ 56. Kd1 Kb2 57. Re5 Rc1+ 58. Ke2 c2 0-1

[Event "Warsaw YMCA Autumn-A 220th"]
[Site "Warsaw"]
[Date "2019.09.27"]
[Round "3"]
[White "Choroszej, Aleksander"]
[Black "Potocki, Karol"]
[Result "1-0"]
[WhiteElo "2054"]
[BlackElo "1840"]
[PlyCount "59"]
[EventDate "2019.09.20"]
[EventType "tourn"]
[EventRounds "13"]
[EventCountry "POL"]
[SourceTitle "CBM 195 Extra"]
[Source "ChessBase"]
[SourceDate "2020.05.31"]
[SourceVersion "1"]
[SourceVersionDate "2020.05.31"]
[SourceQuality "1"]

1. d4 d5 2. c4 e6 3. Nc3 Nf6 4. cxd5 Nxd5 5. Nf3 c5 6. e4 Nxc3 7. bxc3 cxd4 8. cxd4 Bb4+ 9. Bd2 Bxd2+ 10. Qxd2 0-0 11. Bc4 Nd7 12. 0-0 Nf6 13. Rfe1 b6 14. a4 Bb7 15. Bd3 Qd7 16. a5 bxa5 17. Rxa5 Rfc8 18. Rg5 g6 19. h4 Qe7 20. e5 Bxf3 21. exf6 Qxf6 22. gxf3 Qxd4 23. Rg4 Qd5 24. Qe3 Rc3 25. Rd4 Qc5 26. Rd7 Qc6 27. Qd4 Rc8 28. Be4 Qb6 29. Qf6 Rf8 30. Qxc3 1-0

[Event "Warsaw YMCA Spring-A 213th"]
[Site "Warsaw"]
[Date "2019.05.08"]
[Round "4"]
[White "Potocki, Karol"]
[Black "Choroszej, Aleksander"]
[Result "1/2-1/2"]
[WhiteElo "1846"]
[BlackElo "2073"]
[PlyCount "120"]
[EventDate "2019.04.11"]
[EventType "swiss"]
[EventRounds "11"]
[EventCountry "POL"]
[SourceTitle "EXT 2020"]
[Source "ChessBase"]
[SourceDate "2019.10.17"]
[SourceVersion "1"]
[SourceVersionDate "2019.10.17"]
[SourceQuality "1"]

1. d4 g6 2. c4 Bg7 3. Nc3 d6 4. Nf3 Nf6 5. Bg5 0-0 6. e3 h6 7. Bh4 Nc6 8. Be2 Bf5 9. Nd2 e5 10. d5 Ne7 11. g4 Bd7 12. h3 g5 13. Bg3 c6 14. Qb3 Qc7 15. Kf1 Rab8 16. a4 Qa5 17. Qa3 Ne8 18. b4 Qc7 19. Kg2 f5 20. f3 Nf6 21. e4 fxg4 22. hxg4 Ng6 23. Rac1 b6 24. dxc6 Bxc6 25. Nd5 Qd8 26. Nb3 Nf4+ 27. Bxf4 exf4 28. Rcd1 Bxd5 29. cxd5 Nd7 30. Ba6 Ne5 31. Nd4 Qf6 32. Nf5 Ng6 33. Rc1 Nh4+ 34. Nxh4 gxh4 35. Kh3 Qd4 36. Rh2 Rbe8 37. Re2 h5 38. gxh5 Qe5 39. h6 Bxh6 40. Rg2+ Kh7 41. Qc3 Qxc3 42. Rxc3 Re7 43. Rc6 Rd8 44. Bc8 Bg7 45. Bf5+ Kh8 46. Rg6 Be5 47. Rh6+ Kg8 48. Rc1 Kf8 49. Be6 Kg7 50. Rxh4 Kf6 51. Rg1 Rg7 52. Rh6+ Ke7 53. Rc1 Rf8 54. Rc7+ Kd8 55. Rxg7 Bxg7 56. Rh7 Rh8 57. Rxh8+ Bxh8 58. Kg4 Be5 59. Kf5 a5 60. b5 Ke7 1/2-1/2

[Event "Warsaw YMCA Spring-A 213th"]
[Site "Warsaw"]
[Date "2019.04.19"]
[Round "2"]
[White "Potocki, Karol"]
[Black "Moskwinski, Marek"]
[Result "1/2-1/2"]
[WhiteElo "1846"]
[BlackElo "1907"]
[PlyCount "57"]
[EventDate "2019.04.11"]
[EventType "swiss"]
[EventRounds "11"]
[EventCountry "POL"]
[SourceTitle "EXT 2020"]
[Source "ChessBase"]
[SourceDate "2019.10.17"]
[SourceVersion "1"]
[SourceVersionDate "2019.10.17"]
[SourceQuality "1"]

1. Nf3 Nf6 2. c4 e6 3. g3 d5 4. Bg2 Be7 5. 0-0 0-0 6. b3 c5 7. cxd5 Nxd5 8. Bb2 Nd7 9. e4 N5f6 10. Qe2 b6 11. d4 Bb7 12. Nc3 cxd4 13. Nxd4 Bc5 14. Rfd1 Qe7 15. e5 Nd5 16. Nxd5 Bxd5 17. Nc6 Bxc6 18. Bxc6 Rad8 19. h4 Nb8 20. Be4 Rxd1+ 21. Rxd1 Rd8 22. Rxd8+ Qxd8 23. Kg2 Qd7 24. Bd3 Qd5+ 25. Be4 Qd7 26. Qc2 g6 27. h5 Nc6 28. hxg6 hxg6 29. Qd3 1/2-1/2

[Event "Warsaw YMCA Winter-A 209th"]
[Site "Warsaw"]
[Date "2019.02.19"]
[Round "7"]
[White "Koziol, Pawel"]
[Black "Potocki, Karol"]
[Result "1-0"]
[WhiteElo "1854"]
[BlackElo "1829"]
[PlyCount "71"]
[EventDate "2019.01.11"]
[EventType "swiss"]
[EventRounds "13"]
[EventCountry "POL"]
[SourceTitle "CBM 189 Extra"]
[Source "ChessBase"]
[SourceDate "2019.06.03"]
[SourceVersion "1"]
[SourceVersionDate "2019.06.03"]
[SourceQuality "1"]

1. Nf3 d5 2. g3 Nf6 3. Bg2 c5 4. 0-0 e6 5. d3 Nc6 6. Nbd2 Be7 7. e4 0-0 8. Re1 Qc7 9. e5 Nd7 10. Qe2 b5 11. Nf1 a5 12. Bf4 Bb7 13. h4 a4 14. a3 b4 15. h5 bxa3 16. bxa3 Ba6 17. Ne3 Nb6 18. Ng4 c4 19. Qe3 cxd3 20. cxd3 Rab8 21. Rec1 Qd7 22. Bg5 f6 23. exf6 gxf6 24. Rxc6 Qxc6 25. Bh6 Bc5 26. Nxf6+ Kh8 27. Qg5 Rf7 28. Ne5 Qb7 29. Nxf7+ Qxf7 30. Qe5 Bxf2+ 31. Kh1 Bxg3 32. Qxg3 Nd7 33. Nxd7 Qxh5+ 34. Qh3 Qxh3+ 35. Bxh3 Rg8 36. Bf4 1-0

[Event "Warsaw YMCA Winter-A 209th"]
[Site "Warsaw"]
[Date "2019.02.15"]
[Round "6"]
[White "Potocki, Karol"]
[Black "Majek, Kacper"]
[Result "1-0"]
[WhiteElo "1829"]
[BlackElo "1996"]
[PlyCount "83"]
[EventDate "2019.01.11"]
[EventType "swiss"]
[EventRounds "13"]
[EventCountry "POL"]
[SourceTitle "CBM 189 Extra"]
[Source "ChessBase"]
[SourceDate "2019.06.03"]
[SourceVersion "1"]
[SourceVersionDate "2019.06.03"]
[SourceQuality "1"]

1. c4 e5 2. g3 Nc6 3. Nc3 f5 4. Nf3 Nf6 5. d4 e4 6. Ng5 h6 7. Nh3 g5 8. f3 Bg7 9. fxe4 fxe4 10. e3 d6 11. Nf2 Bf5 12. Bg2 Qe7 13. Nd5 Nxd5 14. cxd5 Nd8 15. Qc2 0-0 16. 0-0 Re8 17. Bd2 Kh8 18. Rac1 c6 19. dxc6 bxc6 20. Nd1 Bh7 21. Qa4 h5 22. Ba5 c5 23. dxc5 dxc5 24. Nc3 Ne6 25. Nd5 Qb7 26. Nf6 Bxf6 27. Rxf6 Kg8 28. Qc4 Qc6 29. Rcf1 Re7 30. Bc3 Rd8 31. b3 Qd5 32. Qxd5 Rxd5 33. Rc1 g4 34. Bf1 Rg5 35. Bc4 Rg6 36. Rcf1 Re8 37. Rf7 Rd8 38. Rxa7 h4 39. a4 h3 40. a5 Rh6 41. Rg7+ Kh8 42. Rd7+ 1-0

[Event "Warsaw-chA 67th"]
[Site "Warsaw"]
[Date "2018.11.15"]
[Round "4"]
[White "Potocki, Karol"]
[Black "Golecki, Jan"]
[Result "0-1"]
[WhiteElo "1862"]
[BlackElo "2029"]
[PlyCount "108"]
[EventDate "2018.11.12"]
[EventType "swiss"]
[EventRounds "9"]
[EventCountry "POL"]
[SourceTitle "CBM 187 Extra"]
[Source "ChessBase"]
[SourceDate "2018.11.04"]
[SourceVersion "1"]
[SourceVersionDate "2018.11.04"]
[SourceQuality "1"]

1. e4 d6 2. d4 Nf6 3. Nc3 Nbd7 4. Nf3 e5 5. Be2 Be7 6. 0-0 c6 7. h3 Qc7 8. Be3 h6 9. a4 a5 10. Qd2 Nf8 11. Ne1 g5 12. Bd3 Ng6 13. Ne2 Rg8 14. Ng3 Nf4 15. c4 h5 16. c5 h4 17. cxd6 Bxd6 18. dxe5 Bxe5 19. Ne2 Bxh3 20. gxh3 Qd7 21. f3 Qxh3 22. Rf2 g4 23. Nxf4 Bxf4 24. Bxf4 gxf3+ 25. Ng2 fxg2 26. Bh2 Ng4 27. Rxg2 0-0-0 28. Qxa5 Nxh2 29. Qa8+ Kc7 30. Qa5+ Kd7 31. Bf1 Nxf1 32. Rd1+ Ke6 33. Qf5+ Qxf5 34. exf5+ Kxf5 35. Rxf1+ Ke6 36. Re1+ Kd5 37. Re7 b5 38. axb5 cxb5 39. Rxf7 Rxg2+ 40. Kxg2 Kc4 41. Kf3 b4 42. Rh7 h3 43. Ke2 Kb3 44. Rxh3+ Kxb2 45. Rh7 b3 46. Rc7 Rd4 47. Ke3 Rd1 48. Ke2 Rd5 49. Rc8 Kb1 50. Rc7 b2 51. Ra7 Kc2 52. Rc7+ Kb3 53. Rb7+ Kc3 54. Rc7+ Kb4 0-1

[Event "Warsaw-chA 67th"]
[Site "Warsaw"]
[Date "2018.11.13"]
[Round "2"]
[White "Malec, Sebastian"]
[Black "Potocki, Karol"]
[Result "1-0"]
[WhiteElo "2132"]
[BlackElo "1862"]
[PlyCount "92"]
[EventDate "2018.11.12"]
[EventType "swiss"]
[EventRounds "9"]
[EventCountry "POL"]
[SourceTitle "CBM 187 Extra"]
[Source "ChessBase"]
[SourceDate "2018.11.04"]
[SourceVersion "1"]
[SourceVersionDate "2018.11.04"]
[SourceQuality "1"]

1. e4 c5 2. Nf3 d6 3. d4 cxd4 4. Qxd4 Nc6 5. Bb5 Bd7 6. Bxc6 bxc6 7. e5 d5 8. c4 e6 9. c5 Ne7 10. 0-0 Nf5 11. Qc3 a5 12. Bd2 Be7 13. Nd4 0-0 14. Nxf5 exf5 15. Re1 Be6 16. Qd4 Qc7 17. Nc3 Rab8 18. Na4 Rb5 19. Rac1 Rfb8 20. b3 f6 21. Bf4 Rb4 22. Qd2 Rxf4 23. Qxf4 Rb4 24. Qe3 Re4 25. Qd2 Rxe1+ 26. Rxe1 fxe5 27. b4 axb4 28. Qxb4 e4 29. Qb6 Qc8 30. Qa7 Bf8 31. Rb1 Qd8 32. Qb8 Qf6 33. Qa8 Bf7 34. Nb6 Qe7 35. a4 d4 36. a5 d3 37. Qxc6 e3 38. fxe3 Qxe3+ 39. Kh1 d2 40. Qf3 Bxc5 41. Qxe3 Bxe3 42. Nc8 Ba2 43. Ra1 Bc4 44. Ne7+ Kf8 45. Nxf5 Bc5 46. Ng3 Bd3 1-0

[Event "Mazowiec-chT op 1516"]
[Site "Poland"]
[Date "2016.02.21"]
[Round "9.13"]
[White "Zychowicz, Marcin"]
[Black "Potocki, Karol"]
[Result "1-0"]
[WhiteElo "1837"]
[BlackElo "1875"]
[PlyCount "85"]
[EventDate "2015.11.29"]
[EventType "team-tourn"]
[EventRounds "10"]
[EventCountry "POL"]
[SourceTitle "EXT 2019"]
[Source "ChessBase"]
[SourceDate "2018.10.10"]
[SourceVersion "1"]
[SourceVersionDate "2018.10.10"]
[SourceQuality "1"]

1. e4 e5 2. Nf3 Nc6 3. Bb5 a6 4. Ba4 Nf6 5. 0-0 Be7 6. Re1 b5 7. Bb3 d6 8. c3 0-0 9. h3 Na5 10. Bc2 c5 11. d4 cxd4 12. cxd4 Qc7 13. Nbd2 Nc6 14. d5 Nb4 15. Bb3 Nd3 16. Re3 Nxc1 17. Rc3 Ne2+ 18. Qxe2 Qa5 19. Ne1 Bd7 20. Nd3 Rfc8 21. Rxc8+ Rxc8 22. a3 Qb6 23. Qe3 Qxe3 24. fxe3 a5 25. Rc1 Rxc1+ 26. Nxc1 Bd8 27. Bc2 Bb6 28. Kf2 h5 29. b4 g5 30. Ne2 Kg7 31. Bd3 axb4 32. axb4 h4 33. Nf3 Kg6 34. Nc3 Kh5 35. Nh2 Kg6 36. Kf3 Ne8 37. Bxb5 Bxb5 38. Nxb5 f6 39. Nf1 Kf7 40. Nd2 Ke7 41. Nc4 Bd8 42. Na7 Bc7 43. b5 1-0

[Event "Warsaw YMCA Autumn-B 130th"]
[Site "Warsaw"]
[Date "2013.12.10"]
[Round "13"]
[White "Sawicki, Wojciech"]
[Black "Potocki, Karol"]
[Result "0-1"]
[WhiteElo "1845"]
[BlackElo "1876"]
[PlyCount "108"]
[EventDate "2013.09.19"]
[EventType "tourn"]
[EventRounds "13"]
[EventCountry "POL"]
[SourceTitle "EXT 2015"]
[Source "ChessBase"]
[SourceDate "2014.11.20"]
[SourceVersion "1"]
[SourceVersionDate "2014.11.20"]
[SourceQuality "1"]

1. e4 c6 2. d4 d5 3. Nc3 dxe4 4. Nxe4 Bf5 5. Ng3 Bg6 6. h4 h6 7. Nf3 Nd7 8. h5 Bh7 9. Bd3 Bxd3 10. Qxd3 e6 11. Bf4 Qa5+ 12. Bd2 Bb4 13. c3 Be7 14. Bf4 Ngf6 15. Ne5 0-0 16. Ne4 Rad8 17. Nxd7 Rxd7 18. Nxf6+ Bxf6 19. Qf3 Rxd4 20. Bxh6 Rd5 21. Bf4 Rfd8 22. 0-0 Rd3 23. Qe2 Qd5 24. Be3 a6 25. a3 e5 26. Qg4 e4 27. Rfe1 b5 28. Bf4 Be7 29. Bc7 Rd7 30. Bf4 Bc5 31. Qg5 Qxg5 32. Bxg5 f5 33. g4 Rg3+ 34. Kf1 Rxg4 35. Be3 Bxe3 36. Rxe3 Rh4 37. Ke2 Rxh5 38. Rg1 g5 39. Reg3 g4 40. Ke3 Rd3+ 41. Ke2 Rxg3 42. Rxg3 Rh3 43. Rg1 Kf7 44. Rd1 Ke7 45. Rd4 Rd3 46. Rxd3 exd3+ 47. Kxd3 c5 48. Ke3 c4 49. a4 Ke6 50. Kf4 Kf6 51. a5 Ke6 52. Kg5 Ke5 53. Kg6 f4 54. Kg5 g3 0-1

[Event "Warsaw YMCA Autumn-B 130th"]
[Site "Warsaw"]
[Date "2013.12.05"]
[Round "12"]
[White "Potocki, Karol"]
[Black "Rzepecka, Dorota"]
[Result "1-0"]
[WhiteElo "1876"]
[BlackElo "1829"]
[PlyCount "75"]
[EventDate "2013.09.19"]
[EventType "tourn"]
[EventRounds "13"]
[EventCountry "POL"]
[SourceTitle "EXT 2015"]
[Source "ChessBase"]
[SourceDate "2014.11.20"]
[SourceVersion "1"]
[SourceVersionDate "2014.11.20"]
[SourceQuality "1"]

1. e4 e5 2. Nf3 Nc6 3. Bb5 d6 4. d4 exd4 5. Nxd4 Bd7 6. Bxc6 bxc6 7. Nc3 Nf6 8. Bg5 Be7 9. 0-0 0-0 10. f4 Bg4 11. Nxc6 Bxd1 12. Nxd8 Bxc2 13. Nc6 Rfe8 14. e5 dxe5 15. Nxe7+ Rxe7 16. Bxf6 gxf6 17. Nd5 Re6 18. Nxc7 Rae8 19. Nxe8 Rxe8 20. Rac1 Bd3 21. Rfd1 e4 22. Kf2 Rb8 23. Rd2 Rb7 24. a3 Kf8 25. b4 a5 26. Rb2 axb4 27. axb4 Ke7 28. Ke3 Ke6 29. Rc6+ Kf5 30. b5 Kg4 31. b6 f5 32. Rc7 Rb8 33. Rxf7 Ba6 34. Rxh7 Rd8 35. Rg7+ Kh4 36. g3+ Kh3 37. Rh7+ Kg4 38. Rh4# 1-0

[Event "Warsaw YMCA Autumn-B 130th"]
[Site "Warsaw"]
[Date "2013.11.28"]
[Round "11"]
[White "Rusin, Ryszard"]
[Black "Potocki, Karol"]
[Result "1/2-1/2"]
[WhiteElo "1898"]
[BlackElo "1876"]
[PlyCount "74"]
[EventDate "2013.09.19"]
[EventType "tourn"]
[EventRounds "13"]
[EventCountry "POL"]
[SourceTitle "EXT 2015"]
[Source "ChessBase"]
[SourceDate "2014.11.20"]
[SourceVersion "1"]
[SourceVersionDate "2014.11.20"]
[SourceQuality "1"]

1. d4 d5 2. c4 c6 3. Nc3 Nf6 4. e3 e6 5. Nf3 Nbd7 6. a3 Bd6 7. Bd3 0-0 8. 0-0 dxc4 9. Bxc4 b5 10. Ba2 Bb7 11. e4 e5 12. d5 cxd5 13. Nxb5 Bc5 14. b4 Bxf2+ 15. Rxf2 Nxe4 16. Be3 d4 17. Bxd4 exd4 18. Rc2 Qb6 19. Nbxd4 Rad8 20. Qe2 Ne5 21. Kf1 Rxd4 22. Nxe5 Ba6 23. Bc4 Bxc4 24. Nxc4 Rxc4 25. Qxc4 Qf6+ 26. Ke2 Qxa1 27. Qxe4 Qxa3 28. Rc7 Qa2+ 29. Kf3 Rd8 30. Rd7 Qb3+ 31. Kf4 Rb8 32. Rxa7 g5+ 33. Kxg5 Rb5+ 34. Kh6 Rb6+ 35. Kh5 Rb5+ 36. Kh6 Rb6+ 37. Kh5 Rb5+ 1/2-1/2

[Event "Warsaw YMCA Autumn-B 130th"]
[Site "Warsaw"]
[Date "2013.10.17"]
[Round "5"]
[White "Potocki, Karol"]
[Black "Praczukowski, Stanislaw"]
[Result "1/2-1/2"]
[WhiteElo "1876"]
[BlackElo "1862"]
[PlyCount "96"]
[EventDate "2013.09.19"]
[EventType "tourn"]
[EventRounds "13"]
[EventCountry "POL"]
[SourceTitle "EXT 2015"]
[Source "ChessBase"]
[SourceDate "2014.11.20"]
[SourceVersion "1"]
[SourceVersionDate "2014.11.20"]
[SourceQuality "1"]

1. c4 e5 2. g3 Nf6 3. Bg2 d5 4. cxd5 Nxd5 5. Nc3 Nb6 6. Nf3 Nc6 7. 0-0 Be7 8. d3 0-0 9. a3 Re8 10. b4 Bf8 11. Bb2 Nd4 12. Nd2 c6 13. e3 Ne6 14. Nf3 Nc7 15. Rc1 a5 16. Ne4 axb4 17. Nxe5 bxa3 18. Ba1 Ncd5 19. Qh5 g6 20. Qf3 Be6 21. h4 Nd7 22. Nc4 Qc7 23. Ng5 Bg7 24. Bxg7 Kxg7 25. Bh3 Ne5 26. Nxe5 Bxh3 27. Nxh3 Qxe5 28. Ng5 Qf6 29. Qe2 a2 30. Qd1 Nc3 31. Qc2 Ne2+ 32. Qxe2 a1Q 33. Rxa1 Rxa1 34. Rxa1 Qxa1+ 35. Kg2 Qc3 36. h5 h6 37. Ne4 Rxe4 38. dxe4 b5 39. hxg6 fxg6 40. Qa2 Qc5 41. Qb2+ Kh7 42. Qf6 Qc4 43. e5 Qe4+ 44. Kf1 Qb1+ 45. Kg2 Qe4+ 46. Kf1 Qb1+ 47. Kg2 Qe4+ 48. Kf1 Qb1+ 1/2-1/2